Miguel Angel Asturias
Guardat en:
| Autor principal: | |
|---|---|
| Format: | Llibre |
| Idioma: | francès |
| Publicat: |
París
Pierre Seghers
1970
|
| Col·lecció: | Poetes d'aujourd'hui, 196
|
| Matèries: | |
| Etiquetes: |
Afegir etiqueta
Sense etiquetes, Sigues el primer a etiquetar aquest registre!
|
MARC
| LEADER | 00000nam a2200000 a 4500 | ||
|---|---|---|---|
| 001 | UCY4357 | ||
| 003 | CL-VaPUC | ||
| 008 | 950310e19700000FR |||||||||||||||||fre|d | ||
| 082 | 0 | 4 | |a Gu861.09 |b COU |2 21 |
| 100 | 0 | |a Couffon, Claude |e author |9 332764 | |
| 245 | 1 | 0 | |a Miguel Angel Asturias |
| 300 | |a 187 p | ||
| 942 | |c BK | ||
| 945 | |d 19950310 00:00:00 |a mfernand | ||
| 260 | |a París |b Pierre Seghers |c 1970 | ||
| 600 | 0 | 7 | |a ASTURIAS, MIGUEL ANGEL |2 CL-VaPUC |9 309802 |
| 650 | 7 | |a POESIAS GUATEMALTECAS |2 CL-VaPUC |9 332765 | |
| 650 | 0 | |a Crítica e interpretación |9 255042 | |
| 583 | |a last modification |c 19950310 00:00:00 |k Rodrigo Vera | ||
| 490 | 0 | |a Poetes d'aujourd'hui, 196 | |
| 999 | |c 232233 |d 232231 | ||
| 952 | |0 0 |1 0 |4 0 |6 GU_861_090000000000000_COU_1970 |7 0 |8 P |9 236342 |a BIBART |b BIBART |d 2019-11-15 |i 3062953 |o Gu861.09 COU 1970 |p 3062953 |r 2025-03-13 |w 2019-11-15 |y BK |k ART | ||